000 00528nam a2200181Ia 4500
999 _c10626
_d10626
003 OSt
005 20200116115004.0
008 190216s9999||||xx |||||||||||||| ||und||
020 _a007463805X
040 _coclc
082 _a658.15
_bPAN/C
100 _aPandey, I M
_91137
245 0 _aCases In Financial Management /
_cI M Pandey ; Ramesh Bhat
260 _bTata Mcgrawhill Publishers
_c2002
300 _a613p
650 _xFinancial Management
942 _cBK
_2ddc
_h658.15
_iPAN/C
_k658.15
_mPAN/C